Statistics for Counting to 100 in Base 13

Click here to take the quiz!

General Stats

  • This quiz has been taken 20 times
  • The average score is 56 of 101

Answer Stats

Base 10Base 13% Correct
00
100%
11
100%
22
100%
33
100%
44
100%
55
100%
66
100%
77
100%
88
100%
99
100%
1310
50%
1411
50%
1512
50%
1613
50%
1714
50%
1815
50%
1916
50%
2017
50%
2118
50%
2219
50%
231A
50%
241B
50%
251C
50%
2620
50%
2721
50%
2822
50%
2923
50%
3024
50%
3125
50%
3226
50%
3327
50%
3428
50%
3529
50%
362A
50%
372B
50%
382C
50%
3930
50%
4031
50%
4132
50%
4233
50%
4334
50%
4435
50%
4536
50%
4637
50%
4738
50%
4839
50%
493A
50%
503B
50%
513C
50%
5240
50%
5341
50%
5442
50%
5543
50%
5644
50%
5745
50%
5846
50%
5947
50%
6048
50%
6149
50%
624A
50%
634B
50%
644C
50%
6550
50%
6651
50%
6752
50%
6853
50%
6954
50%
7055
50%
7156
50%
7257
50%
7358
50%
7459
50%
755A
50%
765B
50%
775C
50%
7860
50%
7961
50%
8062
50%
8163
50%
8264
50%
8365
50%
8466
50%
8567
50%
8668
50%
8769
50%
886A
50%
896B
50%
906C
50%
9170
50%
9271
50%
9372
50%
9473
50%
9574
50%
9675
50%
9776
50%
9877
50%
9978
50%
10079
50%
10A
50%
11B
50%
12C
50%

Score Distribution

Percentile by Number Answered

Percent of People with Each Score

Your Score History

You have not taken this quiz